| 000 | 01639cam a22002773a 4500 | ||
|---|---|---|---|
| 001 | 8400 | ||
| 003 | PGUSA | ||
| 005 | 20140828083156.0 | ||
| 008 | 050601s2005||||xxu|||||s|||||000 | eng d | ||
| 040 |
_aPGUSA _beng |
||
| 042 | _adc | ||
| 050 | 4 | _aPA | |
| 100 | 1 |
_aErasmus, Desiderius, _d1469-1536 |
|
| 245 | 1 | 0 |
_aSelections from Erasmus : _bPrincipally from his Epistles _h[electronic resource] / _cDesiderius Erasmus |
| 260 |
_bProject Gutenberg, _c2005 |
||
| 500 | _aText in Latin, commentary in English. | ||
| 505 | 0 | _aLife of Erasmus -- An ordination examination -- A domestic affray -- A winter journey -- An English country-house -- A visit to court -- Erasmus at Oxford -- An Oxford dinner party -- Learning in England -- A journey to Paris -- Erasmus renders account of himself to Colet -- A visit to Lambeth -- A letter to Aldus -- An interview with Grimani -- A conversation at Cambridge -- An encounter with Canossa -- Erasmus' Apologia pro vita sua -- Erasmus' reception at Basel -- Bishop Fisher -- A journey from Basel to Louvain -- English universities -- An explosion at Basel -- Archbishop Warham, I -- Archbishop Warham, II -- The lives of Vitrarius and Colet -- Colet and his kinsman -- Thomas More -- A dishonest Londoner -- The condition of English houses -- Fisher's study at Rochester. | |
| 506 | _aPublic domain in the USA. | ||
| 516 | _aElectronic text | ||
| 653 | _aErasmus, Desiderius, d. 1536 | ||
| 653 | _aTheologians -- Correspondence | ||
| 700 | 1 |
_aAllen, P. S. _q(Percy Stafford), _d1869-1933 |
|
| 830 | 0 |
_aProject Gutenberg _v8400 |
|
| 856 | 4 | 0 | _uhttp://www.gutenberg.org/ebooks/8400 |
| 942 | _cEB | ||
| 999 |
_c237700 _d237700 |
||